The fundamentals of theoretical chemistry ; wave mechanics applied to the study of atoms and molecules /

Bibliographic Details
Main Author: Daudel, Raymond
Format: Book
Language:English
French
Published: Oxford, New York : Pergamon Press, [1968]
Edition:[1st English ed.].
Subjects:

MARC

Tag First Indicator Second Indicator Subfields
LEADER 00000cam a2200000 4500
001 in00000051717
005 20151007073953.0
008 730208s1968 enka b 00000 eng u
010 |a  67027483  
035 |a (OCoLC)00555111 
035 |9 AAF0711AM 
040 |c WSU  |d TXA  |d UtOrBLW 
041 1 |a eng  |a fre 
049 |a TXAM  |c [476282] 
050 0 |a QD461  |b .D2513 1968 
092 |a 541.28  |b D238f, 1968 
100 1 |a Daudel, Raymond. 
245 1 4 |a The fundamentals of theoretical chemistry ;  |b wave mechanics applied to the study of atoms and molecules /  |c Foreword by Louis de Broglie. Translation editor, J. M. Wilson. Translated by R. E. Watts. 
250 |a [1st English ed.]. 
264 1 |a Oxford,  |a New York :  |b Pergamon Press,  |c [1968] 
300 |a xx, 211 pages :  |b illustrations ;  |c 23 cm. 
336 |a text  |b txt  |2 rdacontent 
337 |a unmediated  |b n  |2 rdamedia 
338 |a volume  |b nc  |2 rdacarrier 
504 |a "References": pages 203-206. 
650 0 |a Chemistry, Physical and theoretical. 
650 0 |a Wave mechanics. 
999 |a MARS 
999 f f |s fbc2ce23-67dc-3e02-8ff7-b3b78c1f6202  |i c4cc59c4-65e6-3482-9963-49ba547168d1  |t 0 
952 f f |p ric  |a Texas A&M University  |b Rellis Campus  |c Joint Library Facility  |d Remote Storage  |t 0  |e QD461 .D2513 1968  |h Library of Congress classification  |i unmediated -- volume  |m A14800935642 
998 f f |a QD461 .D2513 1968  |t 0  |l Remote Storage